Quest for Social Justice (Record no. 14747)

MARC details
000 -LEADER
fixed length control field 00578nam a2200229 a 4500
020 ## - INTERNATIONAL STANDARD BOOK NUMBER
ISBN
082 00 - DEWEY DECIMAL CLASSIFICATION NUMBER
Classification number 306.0899145
Author Cutter PUN
100 ## - MAIN ENTRY--AUTHOR NAME
Author name Puniyani, Ram
245 ## - TITLE STATEMENT
Title Quest for Social Justice
Sub title An Illustrated Primer
260 ## - PUBLICATION, DISTRIBUTION, ETC. (IMPRINT)
Place of publication Mumbai
Name of publisher Vikas Adhyayan Kendra
Year of publication 2012
300 ## - PHYSICAL DESCRIPTION
Number of Pages 111p
500 ## - GENERAL NOTE
General note includes index and biblioraphy
650 ## - SUBJECT ADDED ENTRY--TOPICAL TERM
Topical Term Caste-India
942 ## - ADDED ENTRY ELEMENTS (KOHA)
Koha item type Books
700 1# -
-- Puniyani, Ram
Holdings
Collection code Home library Current library Date acquired Cost, normal purchase price Full call number Accession Number Koha item type
  Henry Martyn Institute Library Henry Martyn Institute Library 11/21/2013 200.00 306.0899145 PUN 024256 Books
                   Copyright © 2026 | Henry Martyn Institute | Hyderabad | TS-500052 | INDIA | Implemented by hmi.edu.in
Hit-Count:

Powered by Koha